Διαβάζοντας το παρελθόν : τρέχουσες ερμηνευτικές προσεγγίσεις στην αρχαιολογία
Αποθηκεύτηκε σε:
| Κύριος συγγραφέας: | |
|---|---|
| Άλλοι συγγραφείς: | , , |
| Μορφή: | Βιβλίο |
| Γλώσσα: | Greek English |
| Δημοσίευση: |
Αθήνα :
Εκδόσεις του Εικοστού Πρώτου,
2002.c
|
| Θέματα: | |
| Ετικέτες: |
Προσθήκη ετικέτας
Δεν υπάρχουν, Καταχωρήστε ετικέτα πρώτοι!
|
MARC
| LEADER | 00000cam a2200000 i 4500 | ||
|---|---|---|---|
| 001 | 1/43736 | ||
| 008 | 031029s2002 gr | ||| |||| ||gre|| | ||
| 020 | |a 9608219132 | ||
| 035 | |l 10071416 | ||
| 040 | |a GR-MyUA |b gre |e AACR2 | ||
| 041 | 1 | |a gre |h eng | |
| 082 | 0 | |a 930.101 |2 (20) | |
| 100 | 1 | |a Hodder, Ian. | |
| 245 | 1 | 0 | |a Διαβάζοντας το παρελθόν : |b τρέχουσες ερμηνευτικές προσεγγίσεις στην αρχαιολογία / |c Ian Hodder ; μετάφραση από τα αγγλικά Π. Μουτζουρίδης - Κ. Νικολέντζος - Μ. Τσούλη ; εισαγωγή - επιστημονική επιμέλεια Κώστας Κωτσάκης. |
| 260 | |a Αθήνα : |b Εκδόσεις του Εικοστού Πρώτου, |c 2002.c | ||
| 300 | |a 313 σ. ; |c 22 εκ. | ||
| 500 | |a Μετάφραση από τα αγγλικά | ||
| 500 | |a Τίτλος πρωτοτύπου: Reading the past. | ||
| 504 | |a Περιέχει βιβλιογραφία και ευρετήριο. | ||
| 650 | 0 | 0 | |a Archaeology |x Philosophy. |
| 650 | 0 | 0 | |a Archaeology |x Methodology. |
| 700 | 1 | |a Μουτζουρίδης, Π. |e trl | |
| 700 | 1 | |a Νικολέντζος, Κωνσταντίνος Χρ. |e trl | |
| 700 | 1 | |a Κωτσάκης, Γιώργος, |e aui |e edt | |
| 852 | |a INST |b LESVOS |e 20031029 |h 930.101 HOD |p 005100029663 |q 005100029663 |t BK |y 0 | ||
| 852 | |a INST |b LESVOS |e 20081119 |h 930.101 HOD |p 005100044264 |q 005100044264 |t BK |y 0 | ||
| 852 | |a INST |b LESVOS |e 20110617 |h 930.101 HOD |p 005100048858 |q 005100048858 |t BK |y 0 | ||
| 852 | |a INST |b LESVOS |e 20110617 |h 930.101 HOD |p 005100048859 |q 005100048859 |t BK |y 0 | ||
| 852 | |a INST |b LESVOS |e 20110617 |h 930.101 HOD |p 005100048860 |q 005100048860 |t BK |y 0 | ||
| 901 | |a BIBL1-2003-3 | ||
| 901 | |a BIBL1-2008-3 | ||
| 901 | |a BIBL1-2011-2 | ||
| 909 | |a Λ |b 104796 | ||
| 909 | |a Λ |b 141063 | ||
| 909 | |a Λ |b 168131 | ||
| 909 | |a Λ |b 168130 | ||
| 909 | |a Λ |b 168129 | ||
| 920 | |a ΕΠΕΑΕΚ ΚΟΙΝΩΝΙΚΗΣ ΑΝΘΡΩΠΟΛΟΓΙΑΣ |y Λέσβος |z 2003-06 | ||
| 970 | |a ΚΑΡΑ |b ΓΙΑΣΕΜΗ |z 2003/10/29 | ||